Statistics for BAZINGA! RADICAL QUIZ ALERT!

Click here to take the quiz!

General Stats

  • This quiz has been taken 8 times
  • The average score is 13 of 16

Answer Stats

Answer% Correct
Australia
100%
China
100%
France
100%
India
100%
USA
100%
Brazil
86%
Canada
86%
Greece
86%
Japan
86%
UK
86%
Italy
71%
Russia
71%
UAE
71%
Germany
57%
Atlantis
43%
Taiwan
43%

Score Distribution

Percentile by Number Answered

Percent of People with Each Score

Your Score History

You have not taken this quiz